ბათუმის შოთა რუსთაველის სახელმწიფო უნივერსიტეტის ბიბლიოთეკა

ტურიზმის ეკონომიკა : (ბიბ.ჩანაწერი № 34679)

000 -ლიდერი
ფიქსირებული სიგრძის საკონტროლო ველი 01245nam a2200277Ia 4500
001 - საკონტროლო ნომერი
საკონტროლო ველი 463
003 - საკონტროლო ნომრის იდენტიფიკატორი
საკონტროლო ველი GE_BSU
005 - ბოლო ოპერაციის თარიღი და დრო
საკონტროლო ველი 20211109134504.0
008 - ფიქსირებული სიგრძის მონაცემთა ელემენტები - ზოგადი ინფორმაცია
ფიქსირებული სიგრძის საკონტროლო ველი 181216sge 2009 |||||||||||||| ||geo||
020 ## - წიგნის საერთაშორისო სტანდარტული ნომერი
International Standard Book Number 9789941126291
040 ## - კატალოგიზაციის წყარო
Transcribing agency GE_BSU
041 ## - ენის კოდი
Language code of text/sound track or separate title geo
080 ## - უნივერსალური ათობითი კლასიფიკაციის ინდექსი
Universal Decimal Classification number 338.48(075.8) დ-72
100 ## - მთავარი ჩანაწერი - პიროვნების სახელი
Personal name დოლიკაშვილი, ლარისა.
9 (RLIN) 5335
245 ## - ცნობა სათაურის შესახებ
Title ტურიზმის ეკონომიკა :
Remainder of title სახელმძღვანელო უმაღლესი სასწ. სტუდ. /
Statement of responsibility, etc ლარისა დოლიკაშვილი, ნინო ჩეკურიშვილი, მალხაზ ღვინჯილია, რედ. რ.შენგელია
245 ## - ცნობა სათაურის შესახებ
Remainder of title
264 ## - წარმოების, გამოცემის, დისტრიბუციის და სხვა ცნობები
გამოცემის, წარმოების, დისტრიბუციის... ადგილი თბილისი :
გამოცემის, წარმოების, დისტრიბუციის... სახელწოდება უნივერსალი,
გამოცემის, წარმოების, დისტრიბუციის... თარიღი 2009
300 ## - ფიზიკური აღწერა
Extent 301 გვ.:
Dimensions 19 სმ.
653 ## - INDEX TERM--UNCONTROLLED
Uncontrolled term ტურიზმის ეკონომიკა
653 ## - INDEX TERM--UNCONTROLLED
Uncontrolled term ეკონომიკა
700 ## - ADDED ENTRY--PERSONAL NAME
Personal name ჩეკურიშვილი, ნინო
9 (RLIN) 12863
700 ## - ADDED ENTRY--PERSONAL NAME
Personal name ღვინჯილია, მალხაზ
9 (RLIN) 12570
700 ## - ADDED ENTRY--PERSONAL NAME
Personal name შენგელია,რ
Relator term რედაქტორი
9 (RLIN) 1915
942 ## - ADDED ENTRY ELEMENTS (KOHA)
Koha item type წიგნი
Source of classification or shelving scheme
ეგზემპლარები
ჩამოწერის სტატუსი დაკარგული ეგზემპლარის სტატუსი კლასიფიკაციის წყარო ან თაროზე გაწყობის სქემა დაზიანების სტატუსი არ გაიცემა მუდმივი მდებარეობა (დაცვის ადგილი) ამჟამინდელი ადგილსამყოფელი თაროზე განთავსების ადგილი შეძენის თარიღი ღირებულება, შესყიდვის ნორმალური ფასი სრული შენახვის შიფრი შტრიხკოდი ბოლო ოპერაციის თარიღი ეგზემპლარის მიმდევრობითი ნომერი (კეტერი?) ფასის ძალაში შესვლის თარიღი ეგზემპლარის სახეობა საჯარო შენიშვნა
          ბათუმის შოთა რუსთაველის სახელმწიფო უნივერსიტეტის მთავარი ბიბლიოთეკა ბათუმის შოთა რუსთაველის სახელმწიფო უნივერსიტეტის მთავარი ბიბლიოთეკა წიგნსაცავი 2018-12-17 12.00 338.48(075.8) დ-72 1015 2018-12-17 1015 2018-12-17 წიგნი 12.00